header

BUSINESS LAW PRINCIPLES FOR TODAY'S COMMERCIAL ENVIRONMENT (Record no. 251136)

MARC details
000 -LEADER
fixed length control field 00344nam a22001217a 4500
020 ## - INTERNATIONAL STANDARD BOOK NUMBER
ISBN 9780538749916
100 ## - MAIN ENTRY--AUTHOR NAME
Personal name TWOMEY P.DAVID,JENNINGS MARIANNE MOODY
245 ## - TITLE STATEMENT
Title BUSINESS LAW PRINCIPLES FOR TODAY'S COMMERCIAL ENVIRONMENT
250 ## - EDITION STATEMENT
Edition statement 3RD ED
260 ## - PUBLICATION, DISTRIBUTION, ETC. (IMPRINT)
Place of publication USA
Name of publisher SOUTH WESTERN, CENGAGE LEARNING
Year of publication 2011
300 ## - PHYSICAL DESCRIPTION
Number of Pages 1132
Other physical details ILL
942 ## - ADDED ENTRY ELEMENTS (KOHA)
Koha item type Long Loan Books

No items available.

© 2026 Rongo University
Contact us: librarian | system librarian | Rongo university